Statistiques concernant Hymne national par pays - Clic Quiz

Cliquez ici pour prendre le quiz!

Statistiques générales

  • Ce quiz a été pris 2 932 fois
  • Le résultat moyen est 10 sur 20

Statistiques - réponses

HintRéponse% Correct
La MarseillaiseFrance
92%
Das Lied der DeutschenAllemagne
89%
Hino Nacional BrasileiroBrésil
85%
God Save the KingRoyaume-Uni
85%
La Marcha RealEspagne
80%
La BrabançonneBelgique
62%
The Star-Spangled BannerÉtats-Unis
62%
Tiến Quân CaViêt Nam
55%
Mazurek DąbrowskiegoPologne
52%
SchweizerpsalmSuisse
52%
Kimi ga yoJapon
49%
İstiklâl MarşıTurquie
47%
Gossoudarstvennyï gimn Rossiïskoï FederatsiiRussie
45%
LofsöngurIslande
41%
Phleng ChatThaïlande
36%
Himno IstmeñoPanama
28%
Lupang HinirangPhilippines
21%
Jana Gana ManaInde
18%
AegukgaCorée du Sud
15%
Yumi, Yumi, YumiVanuatu
12%

Distribution des résultats

Percentile par nombre de réponses

% des personnes avec chaque résultat

Votre développement - résultats

Vous n’avez pas pris ce quiz